Quick Pick: 5-Letter Animals Quiz Stats

 Plays Quiz Updated Jul 26, 2016

Challenge
Share
Tweet
Embed
Score 0/20 Timer 01:00
2 Plays Today
% Correct
Zebra
89.3%
Tiger
89.2%
Bison
88.2%
Camel
88%
Snake
87.5%
Snail
87.2%
Lemur
87.1%
Koala
86.6%
Otter
86.5%
Sloth
86.4%
% Correct
Dingo
86.1%
Squid
86%
Skunk
85%
Quail
84.7%
Gecko
83.2%
Moose
81.4%
Llama
80.9%
Shrew
79.1%
Tapir
76.9%
Coypu
33%

Today's Daily Dose

You're not logged in!

Compare scores with friends on all Sporcle quizzes.
OR
Log In

You Might Also Like...

Show Comments

Extras

Top Quizzes Today


Score Distribution

Your Account Isn't Verified!

In order to create a playlist on Sporcle, you need to verify the email address you used during registration. Go to your Sporcle Settings to finish the process.

Report this User

Report this user for behavior that violates our Community Guidelines.

Details: